04064cam a2200433 a 450000100190000000500170001900800410003601000150007701500190009201600180011102000290012902000320015802000290019002000320021902000180025102000150026903500340028403500200031803500200033803500210035803500200037904001470039904100120054604200080055804300120056605000270057824501370060526000680074230000470081049000540085750400510091150509340096252015290189658300450342565000560347070000280352670000210355483000550357599110649845160619620260310145757.0041015s2005 enka b 001 0 eng  a2004024600 aGBA5182772bnb7 a0131244722Uk a0415339170q(hard cover) a9780415339179q(hard cover) a0415339189q(soft cover) a9780415339186q(soft cover) a9780203970164 a0203970160 a(UTL)13450320-01utoronto_inst a(SIRSI)13450320 a(OCoLC)56778103 a(OCoLC)503058399 a(OCoLC)58053871 aDLCbengcDLCdUKMdBWKUKdBAKERdNLGGCdYDXCPdBTCTAdMUQdTEXdDEBBGdEUMdDEBSZdOCLCFdOCLCQdCSJdOCLCQdCEFdTKNdCRUdFQGdOCLCQdUKMGB aEnglish apcc acl-----00aHF5549.2.L29bM36 200500aManaging human resources in Latin America b: an agenda for international leaders c/ edited by Marta M. Elvira and Anabella Davila. aLondon ;aNew York :bRoutledge, Taylor & Francis Group,c2005. axxvi, 266 pages :billustrations ;c26 cm.1 aRoutledge global human resource management series aIncludes bibliographical references and index.0 aUnderstanding the Latin American cultural and economic context — Culture and human resource management in Latin America — Latin America: economic and business context — Managing HR to build social capital in Latin America within MNCs — Paternalism as a positive form of leadership in the Latin American context: leader benevolence, decision-making control and human resource management practices — Human resource management in Latin American countries — Human resource management in Argentina — Human resource management in Brazil — Human resource management in Central America and Panama — Human resource management in Chile — Human resource management in Colombia — Human resource management in Mexico — Human resource management in Peru — Human resource management in Uruguay — Human resource management in Venezuela — Emergent directions for human resource management: research in Latin America. aIn addition to providing the reader with a thorough overview of the trends in HR strategies and practice and the challenges faced by HR executives in Latin America, this book also explores cultural issues critical to conducting business and understanding human resource management in this region. Structured in two distinct parts, Davila and Elvira's comprehensive book moves from a general overview of the economic, managerial and leadership styles found in Latin America to the current status, role and importance of the HR function in a variety of country-specific chapters including Argentina, Brazil, Chile, Mexico, Central America and Panama. Expert scholars from the region and abroad highlight how regional characteristics affect HRM practices according to the particular development of each country, and country specific chapters focus on: aspects of key institutional determinants of HRM practices (such as laws, politics, economy) — the current status, role and importance of the HR function in most firms — review practices including pay, staffing and labour relations — trends for the near future. Written from a Latin American perspective, and by contributors with interdisciplinary backgrounds, it features topical, original research and forms an essential component of the Global HRM series, complementing the other texts. Using up-to-the-minute case studies, this text is invaluable reading for academics, students and practitioners of HRM, personnel management and international business alike. acommitment to retainc202006262pda5OHM 0aPersonnel managementxLatin AmericazLatin America. aElvira, Marta M.d1965- aDavila, Anabella 0aRoutledge global human resource management series.